Central Library OPAC University of Rajshahi

English constitutional history / (Record no. 46113)

MARC details
000 -LEADER
fixed length control field 00800nam a2200253 a 4500
001 - CONTROL NUMBER
control field 46113
003 - CONTROL NUMBER IDENTIFIER
rucl marc code BD-RjUL
005 - DATE AND TIME OF LATEST TRANSACTION
control field 20211209054117.0
008 - FIXED-LENGTH DATA ELEMENTS--GENERAL INFORMATION
fixed length control field 160731m19531948enk b 001 0 eng
035 ## - SYSTEM CONTROL NUMBER
System control number (BD-RjUL)46231
040 ## - CATALOGING SOURCE
Original cataloging agency DLC
Transcribing agency INL
Modifying agency ZCU
-- BD-RjUL
Language of cataloging eng
041 ## - LANGUAGE CODE
Language code of text/sound track or separate title eng
082 ## - DEWEY DECIMAL CLASSIFICATION NUMBER
Edition number 23
Classification number 342.4209
Author mark and year CHE 1953
100 1# - MAIN ENTRY--PERSONAL NAME
Personal name Chrimes, S. B.
9 (RLIN) 140956
245 10 - TITLE STATEMENT
Title English constitutional history /
Statement of responsibility, etc. S.B. Chrimes.
250 ## - EDITION STATEMENT
Edition statement 2nd ed.
260 ## - PUBLICATION, DISTRIBUTION, ETC. (IMPRINT)
Place of publication, distribution, etc. London ;
-- New York :
Name of publisher, distributor, etc. Oxford University Press,
Date of publication, distribution, etc. 1953,
300 ## - PHYSICAL DESCRIPTION
Pagination 201 p. ;
Size 16 cm.
490 1# - SERIES STATEMENT
Series statement The Home university library of modern knowledge ;
Volume/sequential designation 199
500 ## - GENERAL NOTE
General note index
650 #0 - SUBJECT ADDED ENTRY--TOPICAL TERM
Topical term or geographic name as entry element Constitutional history
Geographic subdivision Great Britain.
9 (RLIN) 139775
830 #0 - SERIES ADDED ENTRY--UNIFORM TITLE
Uniform title The Home university library of modern knowledge ;
Volume number/sequential designation 199.
942 ## - ADDED ENTRY ELEMENTS (KOHA)
Source of classification or shelving scheme Dewey Decimal Classification
Koha item type Books
Holdings
Lost status Source of classification or shelving scheme Damaged status Not for loan Collection code Permanent Location Current Location Shelving location Date acquired Source of acquisition Cost, normal purchase price Total Checkouts Full call number Date last seen Copy number Koha item type
  Dewey Decimal Classification     Non-fiction Central Library, University of Rajshahi Central Library, University of Rajshahi   26/09/1955 B.H. black Well 65.00   342.4209 CHE 1953 31/07/2016 C-2 Books
  Dewey Decimal Classification     Non-fiction Central Library, University of Rajshahi Central Library, University of Rajshahi   06/08/1955 O.U.P. 3.00   342.4209 CHE 1953 06/08/2016 C-4 Books